| 000 | 00696 a2200193 4500 | ||
|---|---|---|---|
| 999 |
_c3001 _d3001 |
||
| 020 | _a9781446267288 (hardcover : alk. paper) | ||
| 020 | _a9781446267295 (pbk. : alk. paper) | ||
| 050 | 0 | 0 | _aLB1576 |
| 100 | 1 |
_aWoolley, Gary _eauthor. |
|
| 245 | 1 | 0 |
_aDeveloping literacy in the primary classroom / _cGary Woolley |
| 250 | _a1st edition. | ||
| 264 | 1 |
_aLondon: _bSAGE Publications, _c2014. |
|
| 300 |
_axiv, 248p. : _bill. |
||
| 500 | _aIncludes index | ||
| 504 | _aIncludes bibliographical references and index. | ||
| 650 | 0 | _aLanguage arts (Elementary) | |
| 942 |
_2lcc _cBK _h1139.5L35 _iWOO _kLB |
||